[Event "Mare di Fano op 1st"]
[Site "Fano"]
[Date "2012.08.03"]
[Round "7"]
[White "Sindoni, Antonio"]
[Black "Rizzardi, Franco"]
[Result "0-1"]
[WhiteElo "1931"]
[BlackElo "2026"]
[PlyCount "58"]
[EventDate "2012.07.30"]
[EventType "swiss"]
[EventRounds "9"]
[EventCountry "ITA"]
[SourceTitle "EXT 2015"]
[Source "ChessBase"]
[SourceDate "2014.11.20"]
[SourceVersion "1"]
[SourceVersionDate "2014.11.20"]
[SourceQuality "1"]

1. e4 e6 2. d4 d5 3. Nc3 Bb4 4. e5 c5 5. a3 Bxc3+ 6. bxc3 Ne7 7. h4 Qa5 8. Bd2 Qa4 9. Bd3 c4 10. Be2 Nbc6 11. h5 h6 12. Qc1 Bd7 13. Rb1 0-0-0 14. Qb2 b6 15. Nf3 Rdf8 16. Rh4 Nf5 17. Rf4 g5 18. hxg6 fxg6 19. Rg4 g5 20. Ng1 Be8 21. Nh3 Bh5 22. Re4 dxe4 23. Bxh5 Nce7 24. Be2 Nd5 25. Qa2 b5 26. Qb2 a6 27. Qc1 Rhg8 28. Qd1 e3 29. Bc1 Nxc3 0-1

[Event "Mare di Fano op 1st"]
[Site "Fano"]
[Date "2012.07.30"]
[Round "1"]
[White "Sindoni, Antonio"]
[Black "Gallucci, Alessio"]
[Result "0-1"]
[WhiteElo "1931"]
[BlackElo "2245"]
[PlyCount "90"]
[EventDate "2012.07.30"]
[EventType "swiss"]
[EventRounds "9"]
[EventCountry "ITA"]
[SourceTitle "EXT 2015"]
[Source "ChessBase"]
[SourceDate "2014.11.20"]
[SourceVersion "1"]
[SourceVersionDate "2014.11.20"]
[SourceQuality "1"]

1. e4 e5 2. Nf3 Nc6 3. Bb5 f5 4. d3 Nf6 5. Nc3 Bc5 6. Bg5 0-0 7. Nd5 fxe4 8. Bxf6 gxf6 9. dxe4 Kh8 10. Qd2 a6 11. Ba4 Ne7 12. Bb3 Nxd5 13. Bxd5 c6 14. Bb3 b5 15. 0-0-0 a5 16. Be6 d6 17. Bxc8 Qxc8 18. h3 Qe6 19. Kb1 f5 20. Ng5 Qg6 21. exf5 Rxf5 22. Ne4 Bd4 23. f3 d5 24. Nc3 Rg8 25. Ne2 Qxg2 26. Nxd4 Qxd2 27. Rxd2 exd4 28. Rxd4 Rxf3 29. Kc1 Rgg3 30. h4 Rf2 31. Rd2 Rxd2 32. Kxd2 Kg7 33. Rf1 Rg4 34. h5 Rg5 35. Rh1 Kh6 36. Rf1 Kxh5 37. Rf7 h6 38. Rf6 Rg6 39. Rf5+ Kg4 40. Rf1 h5 41. Kd3 h4 42. Ke3 Re6+ 43. Kd4 h3 44. Rf8 Rh6 45. Kc5 h2 0-1

[Event "Rome Steinitz op 1st"]
[Site "Rome"]
[Date "2002.07.07"]
[Round "4"]
[White "Damia, Angelo"]
[Black "Sindoni, Antonio"]
[Result "1-0"]
[WhiteElo "1888"]
[BlackElo "1533"]
[PlyCount "29"]
[EventDate "2002.07.05"]
[EventType "swiss"]
[EventRounds "5"]
[EventCountry "ITA"]
[SourceTitle "EXT 2007"]
[Source "ChessBase"]
[SourceDate "2006.11.23"]
[SourceVersion "1"]
[SourceVersionDate "2006.11.23"]
[SourceQuality "1"]

1. e4 e5 2. Nf3 Nc6 3. Bc4 Bc5 4. d3 Nf6 5. Bg5 d6 6. Nc3 Be6 7. Nd2 Bxf2+ 8. Kxf2 Ng4+ 9. Qxg4 Bxg4 10. Bxd8 Rxd8 11. Rhf1 Nd4 12. Nb5 Nxb5 13. Bxb5+ c6 14. Bc4 Kd7 15. Bxf7 1-0

[Event "Rome Steinitz op 1st"]
[Site "Rome"]
[Date "2002.07.05"]
[Round "1"]
[White "Sindoni, Antonio"]
[Black "Gallitto, Salvatore"]
[Result "0-1"]
[WhiteElo "1533"]
[BlackElo "2045"]
[PlyCount "58"]
[EventDate "2002.07.05"]
[EventType "swiss"]
[EventRounds "5"]
[EventCountry "ITA"]
[SourceTitle "EXT 2007"]
[Source "ChessBase"]
[SourceDate "2006.11.23"]
[SourceVersion "1"]
[SourceVersionDate "2006.11.23"]
[SourceQuality "1"]

1. e4 b6 2. d4 Bb7 3. Nc3 e6 4. Bd3 Nf6 5. a3 c5 6. dxc5 Bxc5 7. Nf3 Nc6 8. Bf4 a6 9. Qd2 b5 10. e5 Nh5 11. Ne4 Be7 12. Nd6+ Bxd6 13. exd6 Qb6 14. Be3 Qd8 15. 0-0 f5 16. Rfe1 0-0 17. Qe2 Nf6 18. Bg5 Qe8 19. a4 b4 20. c3 Qg6 21. Bxf6 gxf6 22. Qd1 Ne5 23. Be2 Kh8 24. Kh1 Rg8 25. Rg1 Ng4 26. Qf1 Qh6 27. h3 Rg7 28. cxb4 Rag8 29. Ne1 Qxh3# 0-1